000 00791nam a22002657a 4500
003 CHAP
005 20220329140318.0
008 971013s r 00010 d
010 _a50213
011 _a51185
035 _a55335
040 _cCHAP
090 _aR-985
100 0 0 _aPillow, M. Y.
_988076
245 _aCompression wood cause of bowing and twisting
500 _aSobretiro de: Wood working industries. nov.1930 : 26-27.
590 _aBATCH-UPD
_b10
_c20130110
_lUCH01
_h0531
590 _aBATCH-UPD
_b10
_c20130410
_lUCH01
_h0211
590 _aBATCH-UPD
_b10
_c20130914
_lUCH01
_h1021
590 _aCONVERSION
_b10
_c20130109
_lUCH01
_h1327
650 1 4 _aCompresión de la madera.
_926109
901 _aBK
942 _cREIMP
949 _aR-985
_bBC
_cR
_d-121469
_eTS1
_i55335
_si
999 _c50213
_d50213